000 00663nam a2200217Ia 4500
003 GCL
008 140319s9999 xx 000 0 ara d
040 _aGCL /
_cGCL
082 0 4 _a382.5
_bف ت
100 1 _aفؤاد مصطفى محمود
245 1 0 _aالتصدير والاستيراد علميا وعمليا /
_cفؤاد مصطفى محمود
260 _a[S.N] :
_bدار النهضة العربية ،
_c1993
300 _a624 ص
490 _a
650 0 4 _aالتجارة
650 0 4 _aالتجارة الخارجية
650 0 4 _aالاستيراد
650 0 4 _aالتصدير
650 0 4 _aالتسويق الدولى
942 _2ddc
_cBK
999 _c36902
_d36902